00427nam a2200169Ia 4500003000400000005001700004008004100021020001500062050002600077100002000103245005400123260003500177300002400212440000600236521000700242526000800249OSt20140311163112.0140130s9999 xx 000 0 und d a0590449923 aPZ 8.1b.M3554Go 1991 aMarshall, James aGoldilocks and the three bears /cJames Marshall. bScholastic,c1991.aNew York : bcol. ill. ;c28 cm. v1 aG3 c520